00536 2200205 4500001002100000005001500021035002000036007000300056008004100059020002200100082000800122084001400130100001000144245005400154250001100208260003300219300005200252650001000304990001600314INLIS00000000000035720221101105011 a0010-1022000099ta221101 b 1 ind  a978-602-242-289-1 a813 a813 ANI r0 aAning1 aKecil-kecil Punya Karya: Recycle Miracle /cAning aCet. I aBandung :bDar! Mizan,c2014 a88 halaman :bilustrasi tidak berwarna ;c21 cm 4afiksi a00000000455